01143cam a2200253 a 450000100100000000500170001000800410002702000150006804000250008308200190010810000440012724501110017126000600028230000280034250400510037065000490042165000330047065000240050365000660052771000430059395201160063695201220075299900150087400000140120200929145552.0061214s2006 ck a b f001 0 spa d a9586641759 aDO-SdBNPbspacBNPHU a686.288bH493b1 aHenao Jaramillo, Ignacio Alberto.9469010aBilletes de Colombia :bépoca del Banco de la República, 1923-2006 /cIgnacio Alberto Henao Jaramillo. aBogotá, (Colombia) :bBanco de la República,c2006. a223 p. :bil. ;c35 cm. aIncluye referencias bibliográficas (p. 223). 4aBilletes de bancozColombiay1923-200694691 4aPapel monedazColombia94692 4aNumismática94693 4aBanco de la república (bogotá)xHistoriay1923-2006946942 aBanco de la Republica (Colombia)94695 001050718MOaGRbGRcHDd2009-09-22iLF1l0o686.288 H493bp1401-10r2020-06-25w2020-06-25y1ZNo se presta 001150718MOaGRbGRcMId2017-05-22iLF1l0o686.288 H493bp1401-20r2020-06-25te. 2w2020-06-25y1ZNo se presta c1322d1322